Sports Quiz

Random Sports or Soccer Quiz
Score 0/10 Timer 03:00
0 Plays Today
Número de golos Nome % Correct
126Evair
92.2%
154Ademir da Guia
90.2%
317 Heitor
74.5%
182César Maluco
70.6%
149Eduardo Lima
21.6%
122Tupãzinho
21.6%
139Servílio
19.6%
127Humberto Tozzi
17.6%
127Rodrigues Tatu
13.7%
122Luizinho
13.7%
Remove Ads.
Support Sporcle.
Get the best of Sporcle when you Go Orange. This ad-free experience offers more features, more stats, and more fun while also helping to support Sporcle. Thank you for becoming a member.

You're not logged in!

Compare scores with friends on all Sporcle quizzes.
OR
Log In

Sporcle TV

Today on Sporcle TV


Watch our educational content, quiz creation guides, and fun videos on Sporcle TV.

Show Comments

Extras

Top Quizzes Today


Score Distribution

Paid Content

Your Account Isn't Verified!

In order to create a playlist on Sporcle, you need to verify the email address you used during registration. Go to your Sporcle Settings to finish the process.

Report this User

Report this user for behavior that violates our Community Guidelines.

Details: